| 000 | 00500nam a2200181Ia 4500 | ||
|---|---|---|---|
| 005 | 20250603145705.0 | ||
| 008 | 250603s9999 xx 000 0 und d | ||
| 020 | _a9780070589346 | ||
| 050 | _aTA 351 .N37/ | ||
| 100 | _aNash, William A. | ||
| 245 | 0 | _aSchaum’s Outline of Theory and Problems of Statics and Mechanics of Materials | |
| 260 | _aNew Delhi | ||
| 260 | _bTata McGraw-Hill publishing company limited. | ||
| 260 | _c2014 | ||
| 300 | _a282 p | ||
| 650 | _aNew Delhi | ||
| 942 | _cBK | ||
| 999 |
_c42569 _d42569 |
||